[Event "ACP Blitz Final"]
[Site "playchess.com INT"]
[Date "2004.04.17"]
[Round "3.4"]
[White "Najer,E"]
[Black "Kobalia,M"]
[Result "1-0"]
[WhiteElo "2606"]
[BlackElo "2630"]

1.d4 d5 2.c4 c6 3.Nc3 Nf6 4.e3 a6 5.Nf3 e6 6.b3 Bb4 7.Bd2 Bd6 8.Bd3 O-O 9.O-O Nbd7
10.e4 dxc4 11.bxc4 e5 12.c5 Bc7 13.h3 exd4 14.Na4 Re8 15.Rb1 Nf8 16.Re1 h6
17.Qc1 Rb8 18.Rb3 Ne6 19.e5 Nd5 20.Bxh6 Nc3 21.Nxc3 dxc3 22.Bb1 Qe7 23.Rb4 c2
24.Qxc2 g6 25.Rc4 b5 26.cxb6 Bxb6 27.h4 Nc5 28.Bg5 Qf8 29.Qc1 Be6 30.Rf4 Ba5
31.Rd1 Rb4 32.h5 Rxf4 33.Qxf4 Bd5 34.Bf6 Rb8 35.hxg6 fxg6 36.Bxg6  1-0

[Event "ACP Blitz Final"]
[Site "playchess.com INT"]
[Date "2004.04.17"]
[Round "3.2"]
[White "Najer,E"]
[Black "Kobalia,M"]
[Result "1-0"]
[WhiteElo "2606"]
[BlackElo "2630"]

1.d4 d5 2.c4 c6 3.Nc3 Nf6 4.e3 a6 5.Nf3 b5 6.b3 Bg4 7.Be2 e6 8.h3 Bf5 9.O-O Nbd7
10.Bd3 Bg6 11.Bxg6 hxg6 12.Bb2 Be7 13.Ne5 Qc7 14.Rc1 dxc4 15.bxc4 b4 16.Nxd7 Nxd7
17.Ne4 O-O 18.c5 a5 19.Qa4 Nf6 20.Nd2 Nd5 21.Nc4 Qb7 22.e4 Nf4 23.Qd1 Qb5
24.Qf3 g5 25.Rfe1 Rfd8 26.g3 Ng6 27.e5 Qa4 28.Re2 g4 29.Qxg4 Qxa2 30.h4 Nf8
31.Ra1 Qb3 32.Nxa5 Qd3 33.Qe4 Qxe4 34.Rxe4 Ra6 35.Ree1 f6 36.Nb7 Rxa1 37.Rxa1 Rd7
38.Nd6 Bxd6 39.exd6 e5 40.d5 cxd5 41.Ra8 Kf7 42.c6 Rxd6 43.c7 Rc6 44.c8=Q Rxc8
45.Rxc8 Ne6 46.Rb8 Nc5 47.Rxb4 d4 48.Rb5 Nd3 49.Kf1 Kg6 50.f3 f5 51.Ke2 e4
52.fxe4 fxe4 53.Bxd4  1-0

[Event "ACP Blitz Final"]
[Site "playchess.com INT"]
[Date "2004.04.17"]
[Round "3.1"]
[White "Kobalia,M"]
[Black "Najer,E"]
[Result "1-0"]
[WhiteElo "2630"]
[BlackElo "2606"]

1.e4 c5 2.c3 d5 3.exd5 Qxd5 4.d4 Nf6 5.Nf3 e6 6.Be3 cxd4 7.cxd4 Bb4+ 8.Nc3 O-O
9.Bd3 b6 10.O-O Bxc3 11.bxc3 Ba6 12.Bxa6 Nxa6 13.Qa4 Qb7 14.Qb3 Nb8 15.Bg5 Ne4
16.Qc2 Rc8 17.c4 Nd7 18.Rfe1 Nd6 19.Nd2 Nxc4 20.Nxc4 Qd5 21.Nxb6 Nxb6 22.Qd2 Nc4
23.Qf4 f6 24.Bh4 g5 25.Qxf6 gxh4 26.Qxh4 Rc7 27.Qg4+ Rg7 28.Qxe6+ Qxe6 29.Rxe6 Rd8
30.Rd1 Rgd7 31.g3 Rxd4 32.Rxd4 Rxd4 33.Re8+ Kf7 34.Rh8 Kg7 35.Rc8 Nb6 36.Rc7+ Rd7
37.Rc6 Nd5 38.a3 Rc7 39.Rd6 Nb6 40.Re6 Nc4 41.Ra6 Nb2 42.Kg2 Nd3 43.f4 Nc5
44.Rd6 a5 45.Kf3 Rd7 46.Rxd7+ Nxd7 47.Ke4 Nb6 48.Kd4 Na4 49.Kc4 Nb2+ 50.Kb3 Nd1
51.Ka4 Ne3 52.Kxa5 Nf1 53.a4 Nxh2 54.Kb6 Nf1 55.a5 Ne3 56.a6 Nc4+ 57.Kc7 Na3
58.Kc6 Nc2 59.Kc5  1-0

[Event "57th ch-RUS Qualifier"]
[Site "St Petersburg RUS"]
[Date "2004.05.22"]
[Round "2"]
[White "Tseshkovsky,V"]
[Black "Najer,E"]
[Result "1/2-1/2"]
[WhiteElo "2564"]
[BlackElo "2606"]

1.e4 c5 2.Nc3 d6 3.f4 Nc6 4.Nf3 g6 5.Bb5 Bg7 6.Bxc6+ bxc6 7.O-O Nh6 8.d3 O-O
9.Qe1 f5 10.Qh4 fxe4 11.Nxe4 Nf5 12.Qe1 Nd4 13.Nxd4 Bxd4+ 14.Kh1 Rb8 15.Rb1 Bf5
16.b3 Qd7 17.Bd2 Rbe8 18.Qh4 Bg7 19.Rbe1 Bxe4 20.Rxe4 e5 21.Ree1 exf4 22.Rxf4 Rxf4
23.Bxf4 Bf6 24.Qg3 Rxe1+ 25.Qxe1 Kf7 26.h3 h5 27.Qe4 Bd4 28.c3 Bf6 29.Qf3 Kg7
30.Bh6+ Kxh6 31.Qxf6 Qg7 32.Qf4+ Kh7 33.Qxd6 Qxc3 34.Kh2 Qc1 35.Qe5 Qd2 36.Qe7+ Kh6
37.Qf8+ Kh7 38.Qe7+ Kh6 39.Qxc5 Qxa2 40.Qf8+ Kh7 41.Qf7+ Kh6 42.Qf8+  1/2-1/2

[Event "3rd ACP Blitz Final"]
[Site "playchess.com INT"]
[Date "2004.06.05"]
[Round "1.4"]
[White "Najer,E"]
[Black "Nielsen,PH"]
[Result "1-0"]
[WhiteElo "2606"]
[BlackElo "2628"]

1.e4 e5 2.Nf3 Nf6 3.Nxe5 d6 4.Nf3 Nxe4 5.d4 d5 6.Bd3 Nc6 7.O-O Be7 8.Nc3 Nxc3
9.bxc3 O-O 10.h3 Be6 11.Rb1 Rb8 12.Re1 Qd7 13.Bf4 a6 14.a4 Rfe8 15.Qd2 Bd6
16.Bg3 h6 17.Re3 Bxg3 18.fxg3 Qd6 19.g4 Bd7 20.Rxe8+ Bxe8 21.g5 h5 22.Nh4 g6
23.Rf1 Bd7 24.Rf6 Qg3 25.Nxg6 fxg6 26.Rxg6+ Kf7 27.Qe2 Re8 28.Qf1+ Bf5 29.Qxf5+ Ke7
30.Rg7+  1-0

[Event "3rd ACP Blitz Final"]
[Site "playchess.com INT"]
[Date "2004.06.05"]
[Round "1.2"]
[White "Najer,E"]
[Black "Nielsen,PH"]
[Result "0-1"]
[WhiteElo "2606"]
[BlackElo "2628"]

1.e4 e5 2.Nf3 Nc6 3.Bc4 Bc5 4.c3 Nf6 5.d3 d6 6.Bb3 O-O 7.Nbd2 Ne7 8.d4 Bb6
9.dxe5 Ng4 10.O-O Nxe5 11.Nxe5 dxe5 12.Nc4 Nc6 13.Qh5 Qf6 14.Bg5 Qg6 15.Qxg6 hxg6
16.Rfd1 Bc5 17.Rd5 b6 18.Ba4 Bb7 19.b4 Be7 20.Bxc6 Bxc6 21.Bxe7 Bxd5 22.exd5 Rfe8
23.Bh4 f6 24.f3 Rad8 25.Ne3 Rd6 26.b5 a6 27.a4 Ra8 28.c4 Kf7 29.g4 axb5 30.cxb5 f5
31.Rc1 Ra7 32.gxf5 gxf5 33.Rc6 Rxc6 34.dxc6 Ke6 35.Bd8 f4 36.Ng4 Kd6 37.Nf2 Kc5
38.Ne4+ Kb4 39.Be7+ Kxa4 40.Nc3+ Kb3 41.Nd5 Kc4 42.Nxc7 Rxc7 43.Bd6 Rc8 44.Bxe5 Kxb5
45.c7 g5 46.Kg2 Kc6 47.Kh3 Kd5 48.Bf6 Rxc7 49.Kg4 b5 50.Kxg5 b4 51.h4 Ke6
52.h5 Kf7 53.Bd4 Rc4 54.Ba1 b3 55.h6 Kg8 56.Kg6 Rc6+ 57.Bf6 Rxf6+ 58.Kxf6 b2  0-1

[Event "3rd ACP Blitz Final"]
[Site "playchess.com INT"]
[Date "2004.06.05"]
[Round "1.1"]
[White "Nielsen,PH"]
[Black "Najer,E"]
[Result "0-1"]
[WhiteElo "2628"]
[BlackElo "2606"]

1.c4 e5 2.Nc3 Nc6 3.g3 f5 4.Bg2 Nf6 5.d3 Bb4 6.Bd2 O-O 7.Nd5 a5 8.e3 Nxd5
9.cxd5 Bxd2+ 10.Qxd2 Ne7  0-1

[Event "3rd ACP Blitz Octofinal"]
[Site "playchess.com INT"]
[Date "2004.06.05"]
[Round "2"]
[White "Berg,E"]
[Black "Najer,E"]
[Result "1-0"]
[WhiteElo "2495"]
[BlackElo "2606"]

1.e4 e5 2.Nf3 Nc6 3.d4 exd4 4.Nxd4 Nf6 5.Nc3 Bb4 6.Nxc6 bxc6 7.Bd3 d5 8.exd5 O-O
9.O-O cxd5 10.Bg5 c6 11.Qf3 h6 12.Bxf6 Qxf6 13.Qxf6 gxf6 14.Ne2 Bd6 15.c4 dxc4
16.Bxc4 Be5 17.Rab1 Bf5 18.Rbd1 Bxb2 19.Rd6 Rac8 20.Ng3 Bg6 21.Rd7 Rfd8 22.Rxa7 Rd4
23.Ba6 Re8 24.Rc7 Rd2 25.Rxc6 Bd4 26.Bc4 Rb8 27.Ne2 Ba7 28.Nf4 Kg7 29.Nxg6 Kxg6
30.Rc7 Bd4 31.Bxf7+ Kf5 32.Bb3 Re8 33.Rc2 Ree2 34.Rxd2 Rxd2 35.g3 h5 36.Kg2 h4
37.Kf3 hxg3 38.hxg3 Rb2 39.Bc4 Kg5 40.a4 f5 41.a5 Rc2 42.Bd3 Rc3 43.Ke2 Ra3
44.a6 Ra2+ 45.Kf3 Ra3 46.Rd1 Ra2 47.Be2 Bb6 48.Rd6 Bc5 49.Rd5 Bb6 50.Rd7 Ra3+
51.Bd3 Ra2 52.Be2 Ra3+ 53.Kg2 Ra2 54.f4+ Kf6 55.Rd6+ Ke7 56.Rxb6 Rxe2+ 57.Kh3 Ra2
58.Kh4 Kf7 59.Kg5 Ra5 60.Rf6+ Kg7 61.Rxf5 Rxa6 62.Kh4 Rh6+ 63.Rh5 Rb6 64.Kg4 Rb3
65.Rg5+ Kf6 66.Rf5+ Kg6 67.Ra5 Rc3 68.Ra6+ Kg7 69.Kh4 Rd3 70.f5 Rc3 71.g4 Rc1
72.Kg5 Rc4 73.Ra7+ Kf8 74.Kh5  1-0

[Event "National Open"]
[Site "Las Vegas USA"]
[Date "2004.06.18"]
[Round "1"]
[White "Ho,M"]
[Black "Najer,E"]
[Result "0-1"]
[WhiteElo "2242"]
[BlackElo "2606"]

1.e4 e5 2.Nf3 Nc6 3.Nc3 Nf6 4.g3 Bc5 5.Bg2 d6 6.d3 a6 7.O-O Nd4 8.h3 c6 9.Nxd4 Bxd4
10.Ne2 Ba7 11.b3 O-O 12.Bb2 Re8 13.Kh2 d5 14.exd5 cxd5 15.f4 Qd6 16.fxe5 Ng4+
17.Kh1 Qh6 18.Nf4 Ne3 19.Qh5 Qxh5 20.Nxh5 Nxf1 21.Rxf1 d4 22.Bd5 Rxe5 23.Bxf7+ Kh8
24.g4 Bd7 25.b4 Rf8 26.Ng3 Be6 27.Bxe6 Rxf1+ 28.Nxf1 Rxe6 29.Ng3 Rc6  0-1

[Event "Skanska Open"]
[Site "Pardubice CZE"]
[Date "2004.07.23"]
[Round "1"]
[White "Eisenbeiser,A"]
[Black "Najer,E"]
[Result "0-1"]
[WhiteElo "2304"]
[BlackElo "2608"]

1.e4 e5 2.Nf3 Nc6 3.d4 exd4 4.Nxd4 Bc5 5.Nxc6 Qf6 6.Qd2 dxc6 7.Bd3 Ne7 8.O-O Ng6
9.c3 Be6 10.Qg5 Qxg5 11.Bxg5 f6 12.Bc1 O-O-O 13.Bc2 Bc4 14.Re1 Ne5 15.Be3 Bxe3
16.Rxe3 Bd3 17.Bb3 Nc4 18.Bxc4 Bxc4 19.Re1 Rd3 20.f3 Rhd8 21.Kf2 a5 22.b3 Bf7
23.c4 b5 24.Na3 bxc4 25.Nxc4 Bxc4 26.bxc4 Rc3 27.Re2 Rxc4 28.Rb2 Rd3 29.Rb3 Rdd4
30.Rab1 Kd7 31.Ke3 c5 32.h4 Kc6 33.g4 Rb4 34.Rc1 Rxb3+ 35.axb3 Rb4 36.Rc3 c4
37.bxc4 Kc5 38.Kd3 a4 39.f4 Rb1 40.g5 Kb4 41.h5 fxg5 42.fxg5 Rb3 43.Rxb3+ Kxb3
44.e5 a3 45.e6 a2 46.e7  0-1

[Event "Skanska Open"]
[Site "Pardubice CZE"]
[Date "2004.07.24"]
[Round "2"]
[White "Najer,E"]
[Black "Zurek,M"]
[Result "1-0"]
[WhiteElo "2608"]
[BlackElo "2421"]

1.e4 d5 2.exd5 Nf6 3.Nf3 Nxd5 4.d4 Nb6 5.c4 g6 6.Nc3 Bg7 7.c5 Nd5 8.Bc4 c6
9.O-O Be6 10.Qb3 Nxc3 11.bxc3 Bxc4 12.Qxc4 Nd7 13.Rb1 b6 14.cxb6 axb6 15.Qxc6 O-O
16.Qc4 Qc8 17.Qb3 Qa6 18.Rb2 Rfc8 19.Bd2 Rc4 20.Re1 e6 21.h4 Qc8 22.h5 Ra5
23.h6 Bf6 24.Qd1 Rca4 25.Qc2 Qc4 26.Qb3 Ra8 27.Bg5 Bxg5 28.Nxg5 Rc8 29.Ne4 Ra5
30.Qd1 Qc7 31.Qd2 Rh5 32.Ng3 Rd5 33.Rb3 Ra8 34.Ne4 Rh5 35.g3 Rha5 36.Rb2 Rd5
37.Qe3 Ra3 38.Rb3 Rxa2 39.c4 Rf5 40.d5  1-0

[Event "Skanska Open"]
[Site "Pardubice CZE"]
[Date "2004.07.27"]
[Round "5"]
[White "Gavrilov,Al1"]
[Black "Najer,E"]
[Result "1/2-1/2"]
[WhiteElo "2441"]
[BlackElo "2608"]

1.e4 c5 2.c3 d5 3.exd5 Qxd5 4.d4 Nf6 5.Nf3 e6 6.Be3 cxd4 7.cxd4 Bb4+ 8.Nc3 O-O
9.Bd3 b6 10.O-O Bxc3 11.bxc3 Ba6 12.Bxa6 Nxa6 13.Ne5 Rac8 14.c4 Qb7 15.Qb3 Nb8
16.Rfd1 Nbd7 17.Nxd7 Qxd7 18.a4 Qc7 19.Rac1 Ng4 20.g3 Nxe3 21.Qxe3 Rfd8 22.d5 Rd6
23.Qf4 Qd7 24.Rd3 Qc7 25.Rcd1 h6 26.h4 Qd8 27.Rd4 Qc7 28.h5 exd5 29.cxd5 Qd7
30.Qf3 Re8 31.Re4 Rd8 32.Red4 Qb7 33.Qf5 Qe7 34.Qf3 Rf6 35.Qg4 Qd7 36.Qe2 Rd6
37.Qf3 a5 38.Qd3 Qh3 39.Rh4 Qd7  1/2-1/2

[Event "Skanska Open"]
[Site "Pardubice CZE"]
[Date "2004.07.28"]
[Round "6"]
[White "Najer,E"]
[Black "Gasthofer,A"]
[Result "1-0"]
[WhiteElo "2608"]
[BlackElo "2434"]

1.d4 Nf6 2.c4 d6 3.Nf3 Bg4 4.Nc3 Nbd7 5.g3 e5 6.Bg2 c6 7.O-O Be7 8.h3 Bh5
9.Nh4 O-O 10.g4 Bg6 11.e3 Ne8 12.Nxg6 hxg6 13.b4 d5 14.cxd5 Bxb4 15.Qb3 Qa5
16.Bd2 exd4 17.exd4 c5 18.a3 Bxc3 19.Bxc3 Qc7 20.dxc5 Nxc5 21.Qb4 a5 22.Qc4 Nd6
23.Be5 Rac8 24.Qc3 f6 25.Bg3 Qd7 26.Qxa5 Nb3 27.Qb6 Nxa1 28.Qxd6 Qxd6 29.Bxd6 Nb3
30.Bxf8 Kxf8 31.d6 b5 32.Rd1 Na5 33.Bf1 Nc4 34.a4 Rd8 35.Rd4 Rxd6 36.Rxd6 Nxd6
37.Bxb5 Ke7 38.Bd3 g5 39.a5 Ke6 40.a6 Nc8 41.Bf5+  1-0

[Event "Skanska Open"]
[Site "Pardubice CZE"]
[Date "2004.07.29"]
[Round "7"]
[White "Manik,M"]
[Black "Najer,E"]
[Result "0-1"]
[WhiteElo "2502"]
[BlackElo "2608"]

1.e4 c5 2.b3 Nc6 3.Bb2 d6 4.f4 Nf6 5.Nc3 g6 6.Bb5 Bg7 7.d3 O-O 8.Bxc6 bxc6
9.Nf3 c4 10.Qd2 cxd3 11.cxd3 c5 12.O-O Bb7 13.Rad1 Qb6 14.Kh1 Bc6 15.Ng5 Rae8
16.Rde1 Nd7 17.Nd1 Qb4 18.Qf2 h6 19.Bxg7 Kxg7 20.Qb2+ Qd4 21.Nf3 Qxb2 22.Nxb2 f5
23.e5 Bxf3 24.Rxf3 dxe5 25.fxe5 Rc8 26.Nc4 Nb8 27.Rc1 Nc6 28.Nb2 Rfd8 29.Re3 Rd5
30.e6 Nd4 31.g3 Rc6 32.Rc4 Kf6 33.Kg2 Ra6 34.Ra4 Rxa4 35.Nxa4 Nc2  0-1

[Event "Skanska Open"]
[Site "Pardubice CZE"]
[Date "2004.07.30"]
[Round "8"]
[White "Najer,E"]
[Black "Sulskis,S"]
[Result "1-0"]
[WhiteElo "2608"]
[BlackElo "2557"]

1.e4 e5 2.Nf3 Nc6 3.d4 exd4 4.Nxd4 Nf6 5.Nxc6 bxc6 6.e5 Qe7 7.Qe2 Nd5 8.c4 Ba6
9.Nd2 O-O-O 10.b3 g5 11.Bb2 Bg7 12.O-O-O Rhe8 13.h4 gxh4 14.Qg4 f5 15.Qd4 Nb4
16.Qxa7 Bb7 17.a3 Na6 18.b4 c5 19.Nb3 Bxe5 20.b5 Qf6 21.Bxe5 Qxe5 22.Rh3 Nb8
23.Qxc5 Qf4+ 24.Kb2 Re5 25.Qd4 Re4 26.Qa7 Rde8 27.Na5 Re2+ 28.Kb3 Bxg2 29.Bxg2 Qxf2
30.Bb7+  1-0

[Event "Skanska Open"]
[Site "Pardubice CZE"]
[Date "2004.07.31"]
[Round "9"]
[White "Najer,E"]
[Black "Grigoriants,S UZB"]
[Result "1/2-1/2"]
[WhiteElo "2608"]
[BlackElo "2250"]

1.e4 c5 2.Nf3 e6 3.c3 d5 4.e5 d4 5.Bd3 Nc6 6.O-O Nge7 7.Re1 Ng6 8.g3 Bd7
9.Na3 a6 10.Nc2 Qb6 11.Rb1 Be7 12.b4 O-O 13.cxd4 cxd4 14.b5 axb5 15.Rxb5 Qc7
16.a3 Na5 17.Ncxd4 Bxb5 18.Nxb5 Qd7 19.Bf1 Rfc8 20.d4  1/2-1/2

[Event "Open"]
[Site "Ashdod ISR"]
[Date "2004.12.09"]
[Round "1"]
[White "Najer,E"]
[Black "Kaminik,A"]
[Result "1-0"]
[WhiteElo "2624"]
[BlackElo "2224"]

1.d4 Nf6 2.Nf3 g6 3.c4 Bg7 4.Nc3 d6 5.e4 O-O 6.Be2 Bg4 7.Be3 Nfd7 8.d5 c5
9.Ng5 Bxe2 10.Qxe2 h6 11.Nh3 Na6 12.O-O Nc7 13.Rad1 a6 14.a4 Rb8 15.Kh1 Qc8
16.a5 b5 17.axb6 Rxb6 18.Bc1 Rb4 19.f4 Nb6 20.f5 Rxc4 21.e5 gxf5 22.exd6 exd6
23.Qh5 Rg4 24.Bxh6 Bxh6 25.Qxh6 Rg6 26.Qh5 Ne8 27.Nf4 Rg7 28.Rf3 Nf6 29.Qh6 Ng4
30.Qxd6 Nc4 31.Qc6 Nxb2 32.Rd2 Nc4 33.Ra2 Nce5 34.Qxc8 Rxc8 35.Rf1 f6 36.h3 Nc4
37.hxg4 Rxg4 38.Re2 Nd6 39.Re6 Rd8 40.Rxf6 a5 41.Kg1 c4 42.Re6 Kg7 43.Re5 Rb8
44.Ra1 Rb3 45.Nfe2  1-0

[Event "Open"]
[Site "Ashdod ISR"]
[Date "2004.12.10"]
[Round "2"]
[White "Maryasin,B"]
[Black "Najer,E"]
[Result "1/2-1/2"]
[WhiteElo "2377"]
[BlackElo "2624"]

1.e4 c5 2.Nf3 d6 3.d4 cxd4 4.Nxd4 Nf6 5.Nc3 a6 6.f4 e5 7.Nf3 Nbd7 8.Bd3 Be7
9.O-O O-O 10.Kh1 b5 11.Qe1 b4 12.Nd5 Nxd5 13.exd5 Bb7 14.fxe5 Nxe5 15.Nxe5 dxe5
16.Qe4 g6 17.Bh6 Re8 18.Bc4 Bd6 19.Qe3 Bc8 20.Bg5 Qc7 21.Rf6 Be7 22.Rc6 Bxg5
23.Qxg5 Qd7 24.Rf6 Qg4 25.Qxg4 Bxg4 26.Rxa6 Rxa6 27.Bxa6 Bf5 28.c4 bxc3 29.bxc3 Ra8
30.Bb5 Ra3 31.d6 Kf8 32.Rd1 Rxa2 33.d7 Bxd7 34.Bxd7 Rc2 35.g4 Rxc3 36.g5 Rc5
37.Ba4 e4 38.h4 Rc4 39.Rd8+ Kg7 40.Bb5 Rb4 41.Be2 e3  1/2-1/2

[Event "Open"]
[Site "Ashdod ISR"]
[Date "2004.12.12"]
[Round "4"]
[White "Mikhalevski,A"]
[Black "Najer,E"]
[Result "0-1"]
[WhiteElo "2410"]
[BlackElo "2624"]

1.d4 Nf6 2.c4 e6 3.Nf3 Bb4+ 4.Nbd2 b6 5.a3 Bxd2+ 6.Qxd2 Bb7 7.g3 a5 8.b3 a4
9.b4 d5 10.c5 Ba6 11.Qc2 Bc4 12.Nd2 Bb5 13.Bb2 O-O 14.Rc1 bxc5 15.Qxc5 c6
16.Bg2 Qc8 17.Bf3 Qa6 18.Qc3 Ne8 19.Qe3 Nd6 20.Qe5 Nf5 21.h4 Nd7 22.Qf4 Rae8
23.g4 Nh6 24.g5 Nf5 25.e4 dxe4 26.Nxe4 Nb6 27.h5 Nd5 28.Qg4 Qa7 29.h6 g6
30.Rc5 Rd8 31.Kd2 e5 32.Kc1 Nxd4 33.Rd1 Nb3+ 34.Kb1 Nxc5 35.bxc5 Qb8 36.Ka1 Bc4
37.Be2 Bxe2 38.Qxe2 Rfe8 39.Qf3 Re6 40.Qd3 Ree8 41.Qa6 Qb3 42.Rd2 Qf3 43.Qxa4 Ra8
44.Qc4 Reb8 45.Rd3 Qh1+ 46.Bc1 Ra4 47.Rb3 Rxb3 48.Qxb3 Qxc1+ 49.Ka2 Nb4+  0-1

[Event "7th Foxwoods Open"]
[Site "Connecticut USA"]
[Date "2005.03.23"]
[Round "1"]
[White "Karklins,A"]
[Black "Najer,E"]
[Result "0-1"]
[WhiteElo "2285"]
[BlackElo "2624"]

1.e4 c5 2.Nf3 d6 3.d4 cxd4 4.Nxd4 Nf6 5.Nc3 a6 6.Qf3 e6 7.Qg3 b5 8.a3 Bb7
9.f3 Nbd7 10.Bd2 Rc8 11.O-O-O Qb6 12.Be1 Be7 13.h4 O-O 14.h5 h6 15.Kb1 Rc5
16.Bd2 Kh8 17.Be3 Qc7 18.Be2 Rxc3 19.bxc3 Nb6 20.c4 Na4 21.Qe1 d5 22.exd5 bxc4
23.Qd2 Nxd5 24.Ka1 Qc5 25.Qc1 Nxe3 26.Qxe3 Bg5  0-1

[Event "Open A"]
[Site "Pardubice CZE"]
[Date "2005.07.22"]
[Round "1"]
[White "Monroy,C"]
[Black "Najer,E"]
[Result "1/2-1/2"]
[WhiteElo "2328"]
[BlackElo "2614"]

1.e4 c5 2.Nf3 d6 3.d4 cxd4 4.Nxd4 Nf6 5.f3 e5 6.Nb3 Be6 7.c4 Nbd7 8.Be3 Rc8
9.Na3 a6 10.Bd3 Be7 11.O-O O-O 12.Qd2 Nh5 13.Kh1 h6 14.Rfd1 Bg5 15.Bf1 g6
16.Qe1 Qe7 17.Rd2 Ng7 18.Rad1 Ne8 19.Na1 f5 20.exf5 gxf5 21.N1c2 Rf7 22.Nb4 Ndf6
23.Nd3 Bxe3 24.Qxe3 f4 25.Qe1 b6 26.b4 Nd7 27.Nf2 Ndf6 28.Nd3 Nd7 29.Nf2 Ndf6
30.Nd3  1/2-1/2

[Event "Open A"]
[Site "Pardubice CZE"]
[Date "2005.07.24"]
[Round "3"]
[White "Novotny,M1"]
[Black "Najer,E"]
[Result "0-1"]
[WhiteElo "2213"]
[BlackElo "2614"]

1.e4 c5 2.Nc3 Nc6 3.f4 g6 4.Nf3 Bg7 5.Bb5 Nd4 6.a4 e6 7.O-O Ne7 8.e5 a6 9.Bc4 d5
10.exd6 Qxd6 11.d3 b6 12.Ne4 Qc7 13.Ne5 O-O 14.c3 Ndc6 15.Qe1 Bb7 16.Ng4 Nf5
17.Ngf6+ Bxf6 18.Nxf6+ Kg7 19.Ne4 Na5 20.Ng3 Qc6 21.Rf2 Nxc4 22.dxc4 a5 23.b3 Rad8
24.Raa2 Ne7 25.f5 Nxf5 26.Bg5 f6 27.Rxf5 exf5 28.Qe7+ Kg8 29.Bh6 Rd1+ 30.Nf1 Rf7
31.Qe2 Qd7 32.Qxd1 Qxd1 33.Rd2 Rd7 34.Rxd1 Rxd1 35.Kf2 g5 36.h4 Kf7 37.hxg5 Kg6  0-1

[Event "Open A"]
[Site "Pardubice CZE"]
[Date "2005.07.26"]
[Round "5"]
[White "Pedersen,Nic"]
[Black "Najer,E"]
[Result "0-1"]
[WhiteElo "2488"]
[BlackElo "2614"]

1.Nf3 c5 2.c4 Nf6 3.d4 cxd4 4.Nxd4 e5 5.Nc2 d5 6.cxd5 Qxd5 7.Qxd5 Nxd5 8.e4 Nb4
9.Nxb4 Bxb4+ 10.Bd2 Bxd2+ 11.Kxd2 Be6 12.Bb5+ Ke7 13.Rc1 Nd7 14.Nc3 Rac8
15.Ke3 Rc5 16.b4 Rcc8 17.Na4 Rhd8 18.a3 g6 19.Bxd7 Bxd7 20.Nc5 Bc6 21.a4 b6
22.Nd3 Ke6 23.b5 Be8 24.f4 f6 25.fxe5 fxe5 26.Rxc8 Rxc8 27.a5 Rc3 28.axb6 axb6
29.Kd2 Rb3 30.Kc2 Rxb5 31.Ra7 Bc6 32.Nf2 Ra5 33.Rc7 Kd6 34.Rf7 Ra2+ 35.Kb3 Re2
36.Rf6+ Kc5 37.Nd3+ Kd4 38.Rd6+ Kxe4 39.Nb4 Be8 40.Kc3 Rxg2 41.Re6 Ba4 42.Rxb6 Rxh2
43.Rb7 h5 44.Ra7 Bd1 45.Rg7 Rg2 46.Rh7 g5 47.Rd7 Ba4 48.Ra7 Bd1 49.Rd7 Bg4
50.Rg7 Bf5 51.Nc6 h4 52.Re7 Kf4 53.Nxe5 h3  0-1

[Event "Open A"]
[Site "Pardubice CZE"]
[Date "2005.07.27"]
[Round "6"]
[White "Najer,E"]
[Black "Shalimov,V UKR"]
[Result "1/2-1/2"]
[WhiteElo "2614"]
[BlackElo "2426"]

1.e4 c5 2.Nf3 Nc6 3.d4 cxd4 4.Nxd4 g6 5.c4 Nf6 6.Nc3 Nxd4 7.Qxd4 d6 8.Be3 Bg7
9.Be2 O-O 10.Qd2 a5 11.O-O a4 12.Rac1 Qa5 13.Kh1 Be6 14.f4 Rfc8 15.b3 axb3
16.axb3 Qb4 17.Qc2 Ra3 18.Rb1 Bxc4 19.Bxc4 Rxc4 20.bxc4 Qxc3 21.Qxc3 Rxc3
22.Bd4 Rxc4 23.Bxf6 Bxf6 24.Rfe1 Bc3 25.Re2 Bb4 26.g3 b6 27.Ra1 Bc5 28.Ra7 Kf8
29.Rb7 h5 30.Kg2 Ra4 31.Kf3 Ra3+ 32.Kg2 e5 33.Rd2 exf4 34.gxf4 h4 35.h3 Rg3+
36.Kh2 Bg1+ 37.Kh1 Bc5 38.e5 Rxh3+ 39.Kg2 Rg3+ 40.Kh2 Ra3 41.exd6 Ra8 42.d7 Rd8
43.Rd3 Ke7 44.Kh3 Bd6 45.Re3+ Kf8 46.Re4 Be7 47.Rc7 f5 48.Re6 Kf7 49.Rxb6 Ra8
50.Ra6 Rb8 51.Rb6 Ra8 52.Ra6 Rb8 53.Ra3 Rd8 54.Rd3 Ke6 55.Rc6+ Kf7 56.Kg2 Rh8
57.Rc7 Bd8 58.Rc2 Rg8 59.Rc5 Rh8 60.Kh3 Rg8 61.Re3 Bf6 62.Rc8 Bd8 63.Rc6 g5
64.fxg5 Bxg5 65.Re5 Bd8 66.Kh2 Rh8 67.Rce6 Bc7 68.Re7+ Kf6 69.Re6+ Kf7 70.Re7+ Kf6
71.Re8 Bxe5+ 72.Kh3 Bc7 73.Rxh8 Ke7 74.Rh7+ Kd8 75.Kxh4 Bd6 76.Kg5 Be7+ 77.Kxf5 Kxd7
78.Ke5 Kd8 79.Kd5 Bg5 80.Rb7 Bf4 81.Ke4  1/2-1/2

[Event "XIII TCh-RUS"]
[Site "Sochi RUS"]
[Date "2006.04.25"]
[Round "6"]
[White "Landa,K"]
[Black "Najer,E"]
[Result "0-1"]
[WhiteElo "2600"]
[BlackElo "2653"]

1.e4 c5 2.Nf3 d6 3.d4 cxd4 4.Nxd4 Nf6 5.Nc3 a6 6.Be3 e6 7.f3 b5 8.Qd2 Nbd7
9.g4 h6 10.O-O-O Ne5 11.Bd3 Bb7 12.Rhe1 b4 13.Nce2 d5 14.exd5 Nxd5 15.Kb1 Bc5
16.Bg1 Qb6 17.f4 Nxg4 18.Nxe6 fxe6 19.Bg6+ Kd7 20.Bxc5 Qxc5 21.Nd4 Kc8 22.Nxe6 Qb6
23.Bf5 Nge3 24.Nd4+ Nxf5 25.Nxf5 Nc3+ 26.Ka1 Nxd1 27.Nd6+ Kb8 28.Nxb7 Ra7
29.Nd6 Rd7  0-1

[Event "34th World Open"]
[Site "Philadelphia USA"]
[Date "2006.07.01"]
[Round "4"]
[White "Shapiro,D"]
[Black "Najer,E"]
[Result "0-1"]
[WhiteElo "2296"]
[BlackElo "2653"]

1.d4 Nf6 2.c4 e6 3.g3 c5 4.d5 exd5 5.cxd5 b5 6.Bg2 d6 7.e4 Nbd7 8.f4 g6 9.Nh3 Bg7
10.O-O O-O 11.Re1 Re8 12.Nf2 Nb6 13.a3 Bb7 14.Nc3 a6 15.Ne2 Nfd7 16.g4 c4
17.Rb1 Na4 18.b3 cxb3 19.Rxb3 Rc8 20.g5 Rc4 21.Rh3 Bc8 22.f5 Ne5 23.Ng3 Qc7
24.Bd2 Rd4 25.Qe2 Qc4 26.Bb4 Nc5 27.Qe3 Ned3 28.Rf1 Nxf2 29.Rxf2 Rxd5 30.Qf4 Rd1+
31.Bf1 Nxe4 32.Nxe4 Rxe4 33.Qf3 Rg4+ 34.Rg3 Rxg3+ 35.hxg3 Qd5 36.Qe3 Bxf5
37.Qe8+ Bf8 38.Re2 Bh3 39.Re1 Rxe1 40.Qxe1 Bxf1  0-1

[Event "Czech Open A"]
[Site "Pardubice CZE"]
[Date "2006.07.24"]
[Round "4"]
[White "Najer,E"]
[Black "Kovacevic,B"]
[Result "1-0"]
[WhiteElo "2677"]
[BlackElo "2490"]

1.e4 e6 2.d4 d5 3.Nc3 Nf6 4.e5 Nfd7 5.f4 c5 6.Nf3 Nc6 7.Be3 Be7 8.Qd2 O-O
9.dxc5 Nxc5 10.O-O-O Qa5 11.Kb1 Rd8 12.Nd4 Kh8 13.h4 Nxd4 14.Bxd4 Bd7 15.Rh3 Rab8
16.h5 b5 17.h6 g6 18.Qe3 b4 19.Nxd5 exd5 20.e6+ Kg8 21.exd7 Ne4 22.Bd3 Nc3+
23.Kc1 Bd6 24.Bxg6 Rxd7 25.Bf5 Bxf4 26.Rg3+  1-0

[Event "8th ch-Euro T/B Qualification"]
[Site "Dresden GER"]
[Date "2007.04.15"]
[Round "1.1"]
[White "Bartel,Mat"]
[Black "Najer,E"]
[Result "0-1"]
[WhiteElo "2596"]
[BlackElo "2624"]

1.e4 c5 2.Nf3 d6 3.d4 cxd4 4.Nxd4 Nf6 5.Nc3 a6 6.Be3 e5 7.Nf3 Be7 8.Bc4 O-O
9.O-O Nc6 10.a3 Be6 11.Ba2 Rc8 12.Qd3 Na5 13.Bxe6 fxe6 14.Rad1 h6 15.Bc1 Qe8
16.Nd2 b5 17.Qh3 Bd8 18.Nf3 Rc6 19.Rd3 Bb6 20.Re1 Nb7 21.Be3 Bxe3 22.Rdxe3 Nh5
23.g3 Qf7 24.R1e2 Na5 25.Nd2 Qg6 26.Qg2 Rc7 27.Rd3 Nb7 28.Nb3 Qg4 29.f3 Qg6
30.Kh1 Nf6 31.Qg1 Rcf7 32.Qb6 Nh7 33.Qxa6 Ng5 34.Qxb5 Nxf3 35.Rd1 Ng5 36.Nd2 Qh5
37.Rg1 Nh3 38.Reg2 Nf2+ 39.Rxf2 Rxf2 40.Rg2 Qh3  0-1

[Event "35th World Open"]
[Site "King of Prussia USA"]
[Date "2007.06.01"]
[Round "3"]
[White "Najer,E"]
[Black "Kudrin,S"]
[Result "1-0"]
[WhiteElo "2624"]
[BlackElo "2556"]

1.d4 Nf6 2.c4 g6 3.Nc3 d5 4.cxd5 Nxd5 5.Bd2 Bg7 6.e4 Nb6 7.Be3 O-O 8.Bb5 Be6
9.Nf3 Bc4 10.Bxc4 Nxc4 11.Qb3 Nxe3 12.fxe3 b6 13.e5 c5 14.e6 fxe6 15.Ng5 Qc8
16.Qxe6+ Qxe6 17.Nxe6 Rc8 18.Nd5 Nc6 19.O-O Bh6 20.dxc5 bxc5 21.Rac1 Kh8
22.Rxc5 Ne5 23.Rfc1 Rxc5 24.Rxc5 a5 25.Rc7 Ng4 26.e4 Re8 27.Rxe7 Rxe7 28.Nxe7 Be3+
29.Kf1 Nxh2+ 30.Ke2 Bc1 31.b3 Bb2 32.Nc6 Bc3 33.Nc7 Ng4 34.Nd5 Ne5 35.Nxc3 Nxc6
36.Kd3 h5 37.Kc4 h4 38.Kb5 Nd4+ 39.Kxa5 g5 40.Nd1 g4 41.Nf2 h3 42.Nxh3 gxh3
43.gxh3 Kg7 44.b4  1-0

[Event "35th World Open"]
[Site "King of Prussia USA"]
[Date "2007.06.30"]
[Round "2"]
[White "Bercys,S"]
[Black "Najer,E"]
[Result "0-1"]
[WhiteElo "2438"]
[BlackElo "2624"]

1.d4 d5 2.c4 c6 3.Nf3 Nf6 4.e3 Bf5 5.Nc3 e6 6.Nh4 Be4 7.f3 Bg6 8.Qb3 Qc7
9.Bd2 Be7 10.Nxg6 hxg6 11.Rc1 dxc4 12.Bxc4 Nbd7 13.f4 Rd8 14.Be2 Qb8 15.Bf3 Nd5
16.Ne2 g5 17.g3 gxf4 18.e4 Nc7 19.gxf4 Kf8 20.Be3 Ne8 21.O-O Nef6 22.Ng3 g6
23.Rc2 Rh4 24.f5 gxf5 25.Bg5 Rh8 26.exf5 e5 27.dxe5 Nxe5 28.Rd1 Rxd1+ 29.Bxd1 Qd8
30.Rd2 Nd5 31.Bxe7+ Qxe7 32.Bf3 Qc5+ 33.Kh1 Qc1+ 34.Qd1 Qxd2  0-1

[Event "Synthesia Rapid Open"]
[Site "Pardubice CZE"]
[Date "2007.07.18"]
[Round "5"]
[White "Najer,E"]
[Black "Blatny,P"]
[Result "1-0"]
[WhiteElo "2623"]
[BlackElo "2447"]

1.e4 b6 2.d4 Bb7 3.Bd3 g6 4.c4 Bg7 5.Ne2 Nc6 6.Be3 Nb4 7.Nbc3 Nxd3+ 8.Qxd3 e6
9.O-O-O d6 10.f4 Ne7 11.g4 h5 12.g5 Qd7 13.d5 O-O-O 14.Bd4 e5 15.fxe5 dxe5
16.Be3 c5 17.a3 Kb8 18.b4 Rc8 19.bxc5 bxc5 20.Kc2 Rhd8 21.Rhf1 Qe8 22.Rb1 Ka8
23.Rb5 Bf8 24.Nc1 Nc6 25.dxc6 Bxc6 26.Qe2 Bxb5 27.Nxb5 a6 28.Nc3 Rc7 29.Nb3 Rb8
30.Rf6 Rc6 31.Qf2 Be7 32.Rxc6 Qxc6 33.Qxf7 Qb6 34.Nd2 Qb2+ 35.Kd3 Rd8+ 36.Nd5 Qxa3+
37.Ke2 Bd6 38.Qxg6 Qb2 39.Qxh5 a5 40.Qf7 a4 41.Nc7+ Bxc7 42.Qxc7 Rh8 43.Qc6+ Kb8
44.Qxa4 Rxh2+ 45.Kd3 Kc8 46.Qe8+ Kc7 47.Qe7+ Kb8 48.Qd6+ Kb7 49.Qd5+ Kb8
50.Qxc5 Qa1 51.g6 Rg2 52.g7  1-0